| 000 | 00510 a2200181 4500 | ||
|---|---|---|---|
| 008 | 151208b xxu||||| |||| 00| 0 eng d | ||
| 020 | _a978-0-415-11261-1 | ||
| 041 | _aEng. | ||
| 082 |
_a403 _bT69d |
||
| 100 | _aTrask, R. L. | ||
| 245 | _aA dictionary of phonetics and phonology. | ||
| 260 |
_aLondon: _bRoutledge, _c1996. |
||
| 300 | _axii, 424p. illus. | ||
| 504 | _aBibliography: p. 395-424 | ||
| 650 |
_aDictionaries _aPhonetics _aPhonology _aPronumciation |
||
| 653 | _aLanguage | ||
| 942 |
_2ddc _cREF |
||
| 999 |
_c68919 _d68905 |
||